000 00356nam a2200121Ia 4500
005 20251222143214.0
008 251222s9999||||xx |||||||||||||| ||spa||
082 _a370.71/M96
100 _aMuñoz Diez, Jesús
245 0 _aHacia una Pedagogía Prospectiva en la Formación de Profesores
264 _bUniversidad Técnica Particular de Loja
942 _cLIB
999 _c13545
_d13545